000
00322nam a22001457a 4500
008
210305b ||||| |||| 00| 0 eng d
020
_a
0721667287
041
_a
eng
080
_2
8th
_a
616.31
082
_a
616.31
100
_a
5
101
_a
STO
245
_a
Clinical Periodontology
_c
Carranza,A.F
942
_2
udc
_c
BK
999
_c
55773
_d
55773